Every Song by Primus - Statistics

General Stats
  • This quiz has been taken 116 times
    52 since last reset
  • The average score is 42 of 123
Answer Stats
Album Song % Correct
Frizzle Fry(1990) John the Fisherman
88%
Frizzle Fry(1990) Too Many Puppies
85%
Pork Soda(1993) My Name Is Mud
82%
Frizzle Fry(1990) Frizzle Fry
79%
Sailing the Seas of Cheese(1991) Jerry Was a Race Car Driver
79%
Tales from the Punchbowl(1995) Wynona's Big Brown Beaver
79%
Sailing the Seas of Cheese(1991) Tommy the Cat
76%
Pork Soda(1993) DMV
70%
Frizzle Fry(1990) Groundhog's Day
70%
Pork Soda(1993) Pork Soda
70%
Pork Soda(1993) Mr. Krinkle
67%
Frizzle Fry(1990) To Defy
67%
Frizzle Fry(1990) To Defy the Laws of Tradition
67%
Frizzle Fry(1990) The Toys Go Winding Down
64%
Sailing the Seas of Cheese(1991) American Life
61%
Brown Album(1997) Shake Hands with Beef
61%
Tales from the Punchbowl(1995) Southbound Pachyderm
61%
Pork Soda(1993) Bob
58%
Frizzle Fry(1990) Harold of the Rocks
58%
Sailing the Seas of Cheese(1991) Here Come the Bastards
58%
Sailing the Seas of Cheese(1991) Is It Luck?
58%
Frizzle Fry(1990) Pudding Time
58%
Sailing the Seas of Cheese(1991) Sgt. Baker
58%
Frizzle Fry(1990) Mr. Knowitall
55%
Pork Soda(1993) Nature Boy
55%
Sailing the Seas of Cheese(1991) Seas of Cheese
55%
Pork Soda(1993) Hamburger Train
52%
Antipop(1999) Lacquer Head
52%
Pork Soda(1993) Welcome to This World
52%
Antipop(1999) Electric Uncle Sam
48%
Sailing the Seas of Cheese(1991) Eleven
48%
Suck on This(1989) Jellikit
48%
Antipop(1999) The Antipop
48%
Sailing the Seas of Cheese(1991) Fish On (Fisherman Chronicles, Chapter II)
45%
Tales from the Punchbowl(1995) Mrs. Blaileen
45%
Brown Album(1997) Over the Falls
45%
Frizzle Fry(1990) Spegetti Western
45%
Sailing the Seas of Cheese(1991) Those Damned Blue-Collar Tweekers
45%
Tales from the Punchbowl(1995) Glass Sandwich
42%
Sailing the Seas of Cheese(1991) Los Bastardos
42%
Tales from the Punchbowl(1995) Over the Electric Grapevine
42%
Pork Soda(1993) The Ol' Diamondback Sturgeon (Fisherman's Chronicles, Part 3)
42%
Pork Soda(1993) The Pressman
42%
Suck on This(1989) The Heckler
39%
Pork Soda(1993) Hail Santa
39%
Frizzle Fry(1990) You Can't Kill Michael Malloy
39%
Brown Album(1997) Kalamazoo
36%
Pork Soda(1993) Pork Chop's Little Ditty
36%
Frizzle Fry(1990) Sathington Willoughby
36%
Pork Soda(1993) The Air Is Getting Slippery
36%
The Desaturating Seven(2017) The Seven
36%
Non-Album(2025) Little Lord Fentanyl
33%
Suck on This(1989) Pressman
33%
Sailing the Seas of Cheese(1991) Sathington Waltz
33%
Tales from the Punchbowl(1995) Space Farm
33%
Antipop(1999) Dirty Drowning Man
30%
Brown Album(1997) Fisticuffs
30%
Sailing the Seas of Cheese(1991) Grandad's Little Ditty
30%
Green Naugahyde(2011) Lee Van Cleef
30%
Antipop(1999) Natural Joe
30%
Tales from the Punchbowl(1995) Professor Nutbutter's House of Treats
30%
Pork Soda(1993) Wounded Knee
30%
Tales from the Punchbowl(1995) Year of the Parrot
30%
Tales from the Punchbowl(1995) Captain Shiner
27%
Antipop(1999) Coattails of a Dead Man
27%
Conspiranoid(2022) Conspiranoia
27%
Tales from the Punchbowl(1995) Del Davis Tree Farm
27%
Conspiranoid(2022) Follow the Fool
27%
Antipop(1999) Intro
27%
Tales from the Punchbowl(1995) On the Tweek Again
27%
The Desaturating Seven(2017) The Trek
27%
Primus & the Chocolate Factory with the Fungi Ensemble(2014) Candy Man
24%
Tales from the Punchbowl(1995) De Anza Jig
24%
Antipop(1999) Eclectic Electric
24%
Brown Album(1997) Golden Boy
24%
Antipop(1999) Greet the Sacred Cow
24%
Green Naugahyde(2011) Jilly's on Smack
24%
Green Naugahyde(2011) Moron TV
24%
Brown Album(1997) Puddin' Taine
24%
Brown Album(1997) Arnie
21%
Antipop(1999) Ballad of Bodacious
21%
Conspiranoid(2022) Erin on the Side of Caution
21%
Primus & the Chocolate Factory with the Fungi Ensemble(2014) Golden Ticket
21%
Green Naugahyde(2011) HOINFODAMAN
21%
Antipop(1999) Mama Didn't Raise No Fool
21%
The Desaturating Seven(2017) The Storm
21%
Brown Album(1997) Bob's Party Time Lounge
18%
Brown Album(1997) Duchess and the Proverbial Mind Spread
18%
Green Naugahyde(2011) Eyes of the Squirrel
18%
Antipop(1999) Power Mad
18%
Brown Album(1997) Restin' Bones
18%
Green Naugahyde(2011) Tragedy's a' Comin'
18%
Brown Album(1997) Camelback Cinema
15%
Primus & the Chocolate Factory with the Fungi Ensemble(2014) Cheer Up Charlie
15%
Green Naugahyde(2011) Eternal Consumption Engine
15%
Green Naugahyde(2011) Extinction Burst
15%
Green Naugahyde(2011) Green Ranger
15%
Green Naugahyde(2011) Hennepin Crawler
15%
Green Naugahyde(2011) Last Salmon Man
15%
Primus & the Chocolate Factory with the Fungi Ensemble(2014) Pure Imagination
15%
The Desaturating Seven(2017) The Ends?
15%
The Desaturating Seven(2017) The Valley
15%
Brown Album(1997) Coddingtown
12%
Brown Album(1997) Hats Off
12%
Tales from the Punchbowl(1995) Hellbound 17½ (Theme From)
12%
Primus & the Chocolate Factory with the Fungi Ensemble(2014) Hello Wonkites
12%
Primus & the Chocolate Factory with the Fungi Ensemble(2014) Oompa Augustus
12%
Green Naugahyde(2011) Prelude to a Crawl
12%
Green Naugahyde(2011) Salmon Men
12%
The Desaturating Seven(2017) The Dream
12%
Brown Album(1997) The Return of Sathington Willoughby
12%
The Desaturating Seven(2017) The Scheme
12%
Primus & the Chocolate Factory with the Fungi Ensemble(2014) I Want It Now
9%
Primus & the Chocolate Factory with the Fungi Ensemble(2014) Oompa Veruca
9%
Primus & the Chocolate Factory with the Fungi Ensemble(2014) Oompa Violet
9%
Primus & the Chocolate Factory with the Fungi Ensemble(2014) Semi-Wondrous Boat Ride
9%
Antipop(1999) The Final Voyage of the Liquid Sky
9%
Primus & the Chocolate Factory with the Fungi Ensemble(2014) Farewell Wonkites
6%
Primus & the Chocolate Factory with the Fungi Ensemble(2014) Lermaninoff
6%
Primus & the Chocolate Factory with the Fungi Ensemble(2014) Oompa TV
6%
Brown Album(1997) The Chastising of Renegade
6%
Primus & the Chocolate Factory with the Fungi Ensemble(2014) Wonkmobile
6%
No matching quizzes found
Score Distribution
Percent of People with Each Score
Percentile by Number Answered
Your Score History
You have not taken this quiz since the last reset